Statystyki dla Flagi - Latwe

Kliknij tutaj aby rozwiązać quiz!

Ogólne statystyki

  • Ten quiz został rozwiązany 117 razy
  • Średni wynik to 9 z 15

Statystyki odpowiedzi

Odpowiedź% Poprawnych
katar
94%
pakistan
80%
ghana
64%
somalia
61%
jemen
60%
palau
60%
kiribati
59%
libia
57%
haiti
56%
hong kong
56%
paragwaj
56%
nikaragua
54%
nauru
53%
lesotho
49%
namibia
43%

Rozkład punktacji

Percentyl według liczby udzielonych odpowiedzi

Procent ludzi z każdym wynikiem

Twoja historia wyników

Nie rozwiązałeś tego quizu